MDQL
is popping MORE tags! Check the
thread
!
Quizzes
Events
Quiz Creation
Community
Videos
Private Events
Remove Ads
Sign In
Join for FREE
Feedback
Dark Mode
Quiz Categories
Sports
Geography
Music
Movies
Television
Just For Fun
Miscellaneous
History
Literature
Language
Science
Gaming
Entertainment
Religion
Holiday
For Kids
Quiz Lab
Recent
Popular Today
Quiz Kudos Today
Editor Picks
Curator Picks
Quizzes by...
Day
Popularity
Type
Ratings
Length
Year
Community
Subscriptions
Recent Discussions
Orange Saloon
Badges
Playlists
Quests
Create
Leaderboards
Showdown
Live 5
Trivia Bingo
Activity
Puzzle Library
Sporcle Events
Private Events
Virtual Trivia
Globe League
Become a Host
Pub Owners
SporcleCon
Opinionation
Our Games
Videos
Blog
Mobile Apps
Partnerships
Remove Ads and Go Orange
Feedback
Sports
Athletes
MLB
NBA
NHL
NFL
Soccer
Sports Teams
WWE
NCAA
Football
Premier League
Basketball
Baseball
Hockey
Golf
Tennis
Cricket
Rugby
Auto Racing
Olympics
World Cup
Sports
Athletes
MLB
NBA
NHL
NFL
Soccer
Sports Teams
WWE
NCAA
Football
Premier League
Basketball
Baseball
Hockey
Golf
Tennis
Cricket
Rugby
Auto Racing
Olympics
World Cup
Random Quiz
Search Sporcle
×
Quiz Lab
Quiz Lab
Sports
Pay
Type in answers that appear in a list
Type in answers that appear in a list
Classic
Best Score? Go Orange.
Les buteurs de l'OM en C1 Stats
Can you name the Les buteurs de l'OM en C1?
By
FFLose
9m
56 Questions
4,608 Plays
4,608 Plays
4,608 Plays
Comments
Comments
Give Quiz Kudos
Give Quiz Kudos
-
- Ratings
hide this ad
Replay
Link that replays current quiz
Next Quiz
Link to next quiz in quiz playlist
You Got
0%
They Got
Avg Score
33%
Avg Friend Score
Upgrade to see
Score Distribution
Jump to the score distribution portion of the page
Score
0/56
Timer
09:00
0
Plays Today
Pays
Joueur
% Correct
France
Jean-Pierre Papin
91.6%
Côte d'Ivoire
Didier Drogba
85.5%
France
Basile Boli
82.7%
Sénégal
Mamadou Niang
81.9%
Ghana
André Ayew
78.8%
Ghana
Jordan Ayew
78.8%
Ghana
Abedi Pelé
69.5%
France
Mathieu Valbuena
69.4%
France
André-Pierre Gignac
62.4%
France
Florian Thauvin
60.8%
Brésil
Brandão
60.2%
Angleterre
Chris Waddle
58.8%
Argentine
Lucho González
57.1%
Allemagne
Rudi Völler
49.2%
Argentine
Gabriel Heinze
45.7%
Nigeria
Taye Taiwo
45.3%
Croatie
Alen Bokšic
43.5%
Sénégal
Souleymane Diawara
43.3%
Guinée
Kaba Diawara
43.3%
Albanie
Lorik Cana
43.1%
Égypte
Mido
43.1%
France
Djibril Cissé
41.3%
France
Franck Sauzée
41.3%
France
Benoît Cheyrou
40%
Italie
Fabrizio Ravanelli
39.1%
France
Marcel Desailly
34.9%
France
Robert Pirès
33.9%
Belgique
Daniel Van Buyten
32.7%
Pays
Joueur
% Correct
France
Christophe Dugarry
31.9%
France
Loïc Rémy
31.8%
France
Éric Cantona
30.7%
Côte d'Ivoire
Bakari Koné
30.3%
République fédérative socialiste de Yougoslavie
Josip Skoblar
27.1%
France
William Gallas
20.1%
France
Jocelyn Angloma
19.8%
Côte d'Ivoire
Ibrahima Bakayoko
19.2%
Russie
Dmitri Sytchev
16.6%
France
Jean-Marc Ferreri
12.8%
France
Philippe Vercruysse
12.7%
France
Steve Marlet
11.2%
France
Jean Tigana
11.1%
Brésil
Vitorino Hilton
9.2%
France
Fabrice Abriel
9.1%
France
Jérôme Leroy
7.7%
France
Julien Rodriguez
7%
France
Laurent Fournier
5.2%
France
Daniel Xuereb
3.1%
Cameroun
François Omam-Biyik
3%
Espagne
Rafael Martín Vázquez
2.9%
France
Sébastien Pérez
1.6%
France
Didier Couécou
1.3%
France
Joseph Bonnel
1.3%
France
Gilbert Gress
1.3%
France
Patrice Eyraud
1.2%
France
Philippe Thys
0.8%
France
François Bracci
0.5%
Quiz Playlist
Details
Report
Send in Message
Add To Playlist
Classic:
Type in answers that appear in a list
Last Updated: Oct 27, 2020
Quiz Scoreboard
CHALLENGE
Sign Up to Join the Scoreboard
Show All
Scores
Hide
Comments
May contain spoilers
Recently Published
Colored Red Africa Blitz
by spor1
Geography
30s
Find the 'City' Movie
by crazypaving
Movies
60s
5x2 Blitz: Bands
by SL_Kpop136
Music
30s
More to Explore
Quiz From the Vault
Featured Blog Post
14 Easter Pick-up Lines to Find Eggs With
hide this ad
You Might Also Like...
Tags
les
Outer
Pay
Today's Top Quizzes in Sports
Browse Sports
hide this ad
Today's Top Quizzes in Pay
Browse Pay
Top Contributed Quizzes in Sports
1
Les meilleurs buteurs des matchs entre le PSG et l’OM
2
Les entraîneurs de l'OM et du PSG au 21e siècle
3
Les joueurs passés par le PSG et l'OM
4
2022 World Cup Stars
5
Players with Multiple 50 Home Run Seasons
6
Criteria MLB: Left Handed Sluggers
7
MLB Players with Two .350 Batting Average Seasons
8
Les joueurs passés par le LOSC et le RC Lens
9
NBA Logic Puzzle 2.0
10
Top 10 NHL Goal Scorers of All Time
Explore More
Trending Topics
Anime
Marvel
NBA
Harry Potter
Crossword
Disney
Kpop
Pokémon
Country
Soccer
Puzzle
WWE
Song
NFL
The Office
hide this ad
More By:
FFLose
Quiz
Plays
Rating
Category
Featured
Created
Pays qui ont fait au moins une Coupe du Monde
138,956
5.00
Sports
Nov 15, 2022
Ils étaient dans le Car de Knysna
128,287
5.00
Sports
Jun 20, 2022
Les 30 de France 2010
71,215
5.00
Sports
May 6, 2020
Quels sont les joueurs à avoir au moins une sélection
57,988
4.25
Sports
Nov 12, 2020
Les 23 de l'Equipe de France au Mondial 2006
50,337
5.00
Sports
May 15, 2020
Go to Creator's Profile
Score Distribution
Quiz Creator Spotlight
FFLose
Follow
Send a Message
Quizzes Created
-
Created Quiz Play Count
-
More By This Creator
Popular Quizzes Today
1
Colored Red Africa Blitz
2
Find the US States - No Outlines Minefield
3
Find the 'City' Movie
4
5x2 Blitz: Bands
5
The Countries of the World
6
Find the US States
7
Find the Countries of Europe - No Outlines Minefield
8
US States
More Sports Quizzes
Old Big East Crossword
Quiz Lab
Trending Quizzes
Colored Red Europe Blitz I
Colored Red Europe Blitz II
Colored Red Africa Blitz II
Colored Red Europe Blitz III
Colored Red Africa Blitz III
Recently Updated
How Do You Spell That?
pecheneg
Godzilla Movies
pecheneg
Grab Bag: 4-10 Letters
pecheneg
2024 March Madness Bracket
pecheneg
Famous TV Couples
Peacemaker
Champions League XIs: Real Madrid
pecheneg
Largest US Cities 1790-2010
pecheneg
Rides in Walt Disney World
pecheneg
Most Oscar Losses (Acting)
pecheneg
Beyoncé Albums
pecheneg
Trending Topics
Harry Potter
Crossword
NBA
Marvel
Kpop
Disney
Anime
WWE
The Office
Puzzle
Pokémon
Soccer
Country
Song
NFL
Your Account Isn't Verified!
In order to create a playlist on Sporcle, you need to verify the email address you used during registration. Go to your
Sporcle Settings
to finish the process.
Report this User
Report this user for behavior that violates our
Community Guidelines
.
Details:
Send Report
Go to the Sporcle.com Mobile Site →
Comments